=LDR 00000nam 2200000 4500 =001 INLIS000000000056976 =005 20201110081851 =035 ##$$a 0010-1120000047 =007 ta =008 201110################g##########0#ind## =082 ##$$a 306.095 981 2 =084 ##$$a 306.095 981 2 PUJ p =100 #$$a Pujiastuti, Titik =245 1#$$a Pandangan masyarakat kini terhadap naskah kuno di daerah sumatra utara /$c Titik Pudjiastuti =260 ##$$a Jakarta :$b CV. Eka dharma,$c 1997 =300 ##$$a ix, 107 hlm ; $c 15 x 21 cm =990 ##$$a 21452145 =990 ##$$a 125.351/hd-98 =990 ##$$a 14271427 =990 ##$$a 125.350/hd-98 =990 ##$$a 125.351/hd-98